| 000 | 00859pam a2200277 i 4500 | ||
|---|---|---|---|
| 999 |
_c12195 _d12195 |
||
| 001 | 864634 | ||
| 003 | ARRUPE | ||
| 005 | 20170530083151.0 | ||
| 008 | 790716s1980 nyua b 001 0 eng | ||
| 010 | _a 79018115 | ||
| 020 |
_a0684162911 : _c$20.00 |
||
| 020 |
_a0684164116 (pbk.) : _c$9.95 |
||
| 040 |
_aDLC _cDLC _dDLC |
||
| 043 | _af------ | ||
| 050 | 0 | 0 |
_aDT20 _b.J8 1980 |
| 082 | 0 | 0 | _a960 |
| 100 | 1 |
_aJuly, Robert William. _923357 |
|
| 245 | 1 | 2 |
_aA history of the African people / _cRobert W. July. |
| 250 | _a3d ed. | ||
| 260 |
_aNew York : _bScribner, _cc1980. |
||
| 300 |
_axxii, 794 p. : _bill. ; _c24 cm. |
||
| 504 | _aIncludes bibliographies and index. | ||
| 651 | 0 |
_aAfrica _xHistory. _931555 |
|
| 906 |
_a7 _bcbc _corignew _d1 _eocip _f19 _gy-gencatlg |
||
| 942 |
_2lcc _cMONOGRAPH |
||